00729nam a2200181 a 4500001000900000005001700009008004100026020001500067040001800082050002200100245005700122260004800179300006300227440004400290500008600334650005900420650006800479BRCA_55420190320203048.0910610s1991 nyua---###---#000-0#eng-d a1853269557 aUUPcUUPdFVC 4aNK1370b.M43 199110aMedieval Ornamentbfrom the 9th to the 16th century. aHertfordshire, InglaterrabWordsworthc1991 a1 v. (sin paginación)bil. a color, 48 láminasc37 cm. 0aThe Cambridge Library of Ornamental Art aSubtítulo de la cubierta: Medieval Ornament : from the 11th to the 14th century14aDecoración y ornamentaciónxHistoriaySiglo IX-XVI14aDecoración y ornamentación medievalxObras maestraszEuropa